Statystyki dla 10 państw Azji wysuniętych najbardziej na południe

Kliknij tutaj aby rozwiązać quiz!

Ogólne statystyki

  • Ten quiz został rozwiązany 986 razy
  • Średni wynik to 8 z 10

Statystyki odpowiedzi

Szerokość
Geograficzna
Kraj% Poprawnych
11°00'SIndonezja
98%
06°44'NIndie
95%
00°51'NMalezja
90%
05°37'NTajlandia
88%
05°55'NSri Lanka
87%
01°09'NSingapur
83%
04°35'NFilipiny
83%
09°30'STimor
Wschodni
79%
00°42'SMalediwy
72%
04°00'NBrunei
72%

Rozkład punktacji

Percentyl według liczby udzielonych odpowiedzi

Procent ludzi z każdym wynikiem

Twoja historia wyników

Nie rozwiązałeś tego quizu